Program evaluation theory and practice : a comprehensive guide /

Salvato in:
Dettagli Bibliografici
Autore principale: Mertens, Donna M.
Altri autori: Wilson, Amy T.
Natura: Libro
Pubblicazione: New York : Guilford Press, 2019.
Edizione:2nd ed.
Soggetti:
Tags: Aggiungi Tag
Nessun Tag, puoi essere il primo ad aggiungerne!!

MARC

LEADER 00000cam a2200000 i 4500
020 |a 9781462532759  |c TZS 250,000/= 
040 |a MUL  |b eng  |e AACR 
082 0 0 |a 361.2072 MER 
100 1 |a Mertens, Donna M., 
245 1 0 |a Program evaluation theory and practice :  |b a comprehensive guide /  |c Donna M. Mertens, Amy T. Wilson. 
250 |a 2nd ed. 
260 |a New York :  |b Guilford Press,   |c 2019. 
300 |a xviii, 620 p. ;  |c 27 cm 
504 |a Includes bibliographical references (pages 551-581) and indexes. 
505 |a  I. The Landscape of Evaluation 1. Introduction to Evaluation: Defining Terms and Ethical Considerations 2. Framing Evaluation: Paradigms, Branches, and Theories II. Historical and Contemporary Evaluation Paradigms, Branches, Theories, and Approaches 3. The Postpositivist Paradigm and the Methods Branch 4. The Pragmatic Paradigm and the Use Branch 5. The Constructivist Paradigm and the Values Branch 6. The Transformative Paradigm and the Social Justice Branch III. Planning Evaluations 7. Working with Stakeholders: Establishing the Context and the Evaluand 8. Evaluation Purposes, Types, and Questions 9. Evaluation Designs 10. Data Collection Strategies and Indicators 11. Stakeholders, Participants, and Sampling 12. Data Analysis and Interpretation IV. Implementation in Evaluation: Communication and Utilization of Findings, Management, Meta-Evaluation, and Challenges 13. Communication and Utilization of Findings 14. Meta-Evaluation and Project Management 15. Perennial and Emerging Issues in Evaluation Abbreviation Dictionary Glossary References 
650 0 |a Evaluation research (Social action programs) 
650 0 |a Social sciences 
700 1 |a Wilson, Amy T., 
942 |c BK 
999 |c 283  |d 283